000 00410nam a22001697a 4500
003 CEME
005 20210628205143.0
008 210301b xxu||||| |||| 00| 0 eng d
020 _a1-56091-175-1
040 _c.
082 _a629.2-SAE TWO'S
100 _aSae
_95199
245 _aTwo stroke engines small engines and emission reduction
260 _aUSA
_bSAE
_c1991
300 _a172P
942 _cBK
_2ddc
999 _c579759
_d579759